| 000 | 02047cam a22004217a 4500 | ||
|---|---|---|---|
| 001 | data | ||
| 005 | 20260322212102.0 | ||
| 007 | data | ||
| 008 | data | ||
| 035 | _a15831187 | ||
| 906 |
_a7 _bcbc _cpccadap _d2 _encip _f20 _gy-gencatlg |
||
| 925 | 0 |
_aacquire _b1 shelf copy _xpolicy default |
|
| 925 | 1 |
_aacquire _b2 shelf copies _xpolicy default |
|
| 010 | _a 2009280126 | ||
| 020 |
_a9780721604466 _qsingle volume |
||
| 020 |
_a0721604463 _qsingle volume |
||
| 020 |
_a9780721606712 _q 2 volume set |
||
| 020 |
_a0721606717 _q 2 volume set |
||
| 035 | _a(OCoLC)60755878 | ||
| 040 |
_aUMC _cUMC _dDLC _dVAM _dJVD _dYDXCP _dDLC |
||
| 042 | _apcc | ||
| 050 | 0 | 0 |
_aRT41 _b.I36 2006 |
| 245 | 0 | 0 |
_aMedical-surgical nursing : _bcritical thinking for collaborative care / _c[edited by] Donna D. Ignatavicius, M. Linda Workman. |
| 250 | _a5th ed. | ||
| 260 |
_aSt. Louis, Mo. : _bElsevier Saunders, _cc2006. |
||
| 300 |
_a2 v. (xlvii, 1912, 87 p.) : _bill. (some col.) ; _c29 cm. + _e1 CD-ROM (4 3/4 in.) |
||
| 500 | _aAccompanying CD-ROM (part # 9996004309) entitled: Student CD-ROM to accompany Medical-surgical nursing : critical thinking for collaborative care. | ||
| 504 | _aIncludes bibliographical references and index. | ||
| 538 | _aSystem requirements for CD-ROM: Windows 98, ME, 2000, or XP;450 MHz Intel Pentium II processor or greater (750 MHz or gretaer recommended); 64 MB or more of installed RAM; 2X or faster CD-ROM drive; 800 x 600 monitor or larger; True Color display recommended. | ||
| 538 | _aSystem requirements for CD-ROM: MAC OS 9.2.2 or higher; 333MHz PowerPC or greater; 64 MB or more of installed RAM; 2X or faster CD-ROM drive; 800 x 600 monitor or larger; Millions of Colors display recommended. | ||
| 650 | 0 | _aNursing. | |
| 650 | 0 | _aSurgical nursing. | |
| 650 | 2 | _aPerioperative Nursing | |
| 650 | 2 | _aNursing | |
| 700 | 1 | _aIgnatavicius, Donna D. | |
| 700 | 1 | _aWorkman, M. Linda. | |
| 999 |
_c1473 _d1473 |
||